03050nam a2200517Ia 45000010005000000080041000050100009000460410014000550820019000692450046000882600018001343000008001525200006001606300024001666300028001906500039002186900014002577000023002717000048002949010057003429020006003999030031004059040018004369050025004549060006004799070014004859080014004999090053005139100015005669110010005819120014005919130009006059140026006149150019006409160009006599170009006689180014006779190017006915201765007089210007024739220007024809230006024879240014024939420010025079990015025171460241029s9999 xx 000 0 und d a1360 aEspañol aINTEC CyH-0093 0aLa función de extensión universitaria aSanto Domingo a127 a4 aComunidad Educativa aServicios Estudiantiles aAdministración de la Educación aElaborado easesoraNo, Aplica eautora Almanzar Guzmán, Lorenzo Antonio  a{"1":" Almanzar Guzmán"}b{"1":"Lorenzo Antonio "} a1 a{"1":"No"}b{"1":"Aplica"} aMaestría en aEducación Superior a2 aNO APLICA aNO APLICA aInstituto Tecnológico de Santo Domingo (INTEC) aNULLbNULL a["1"] aNO APLICA aNULL a01 de Febrero de 1990 a18/08/15 11:08 aNULL aNULL aNO APLICA a["45","183"] aLa tarea de extensión de las universidades trasciende los roles tradicionales asignados a las universidades, asignándoles una función social, es decir, el interés de poner el saber universitario al servicio de la comunidad y asumir los problemas de de esta manera como asunto principal de sus preocupaciones. Esta investigación estuvo orientada a elaborar un concepto claro y manejable de la extensión que oriente el quehacer extensional en las universidades dominicanas. Determinar tendencias históricas de la Extensión en las universidades dominicanas. Determinar si las universidades dominicanas están desarrollando labores de extensión. Diseñar una estructura que sirva como modelo para el establecimiento y organización de la Función de extensión de las universidades dominicanas.El desarrollo de la investigación implicó la revisión minuciosa de la bibliografía disponible. El modelo estructura-organizacional sugerido fue creado a partir del mismo marco teórico. Algunas conclusiones fueron: la extensión universitaria es una de las funciones sustantivas de la universidad que engloba el conjunto de sus actividades que la ponen en relación recíproca, de dar y recibir, con la sociedad a través de lo que pone al servicio de la comunidad los adelantos científicos, artísticos y culturales logrados por medio de su quehacer académico y de su investigación a fin de posibilitar que todos los sectores de la sociedad nacional se beneficien con su quehacer y de esa manera cumplir con su naturaleza de institución social al servicio de la comunidad. La extensión es un quehacer que constituye un proceso, pues está formada por etapas o momentos continuos que se implican mutuamente el uno al otro. a16 a16 a0 aNO APLICA cTesis c1360d1360